[Event "Online Olym Div3 A"]
[Site "Chess.com INT"]
[Date "2021.08.28"]
[Round "4.4"]
[White "Laohawirapap, Prin"]
[Black "Prasad, Rudr"]
[Result "1-0"]
[WhiteElo "2125"]
[BlackElo "1566"]
[PlyCount "101"]
[EventDate "2021.08.27"]
[EventType "team-tourn (rapid)"]
[EventRounds "9"]
[EventCountry "USA"]
[SourceTitle "CBM 204 Extra"]
[Source "ChessBase"]
[SourceDate "2021.11.30"]
[SourceVersion "1"]
[SourceVersionDate "2021.11.30"]
[SourceQuality "1"]
[WhiteTeam "Thailand"]
[BlackTeam "Fiji"]
[WhiteTeamCountry "THA"]
[BlackTeamCountry "FIJ"]

1. e4 c6 2. d4 d5 3. exd5 cxd5 4. Bd3 Nc6 5. c3 Nf6 6. Bf4 Qb6 7. Qb3 Qxb3 8. axb3 Bd7 9. b4 Nh5 10. Be3 e6 11. b5 Ne7 12. Nd2 Ng6 13. Ne2 Bd6 14. g3 e5 15. f3 f5 16. dxe5 Nxe5 17. Bc2 0-0 18. Nd4 g6 19. 0-0 Rfe8 20. Bb3 Nf6 21. Bg5 Kg7 22. Bxf6+ Kxf6 23. Bxd5 Bc5 24. N2b3 Bb6 25. c4 Rac8 26. Rac1 Nd3 27. Rc3 Nxb2 28. Kh1 Na4 29. Rd3 Nc5 30. Nxc5 Bxc5 31. Bxb7 Rc7 32. Bd5 Re5 33. f4 Re8 34. Nf3 Be6 35. Re1 Ree7 36. Bxe6 Rxe6 37. Rxe6+ Kxe6 38. Ne5 Bd6 39. Nc6 a6 40. Nd4+ Ke7 41. Nc6+ Ke6 42. Re3+ Kf6 43. Nd8 Re7 44. Rxe7 Bxe7 45. bxa6 Bc5 46. Nc6 Ke6 47. a7 Bxa7 48. Nxa7 Kd6 49. Nb5+ Kc5 50. Na3 Kb4 51. Kg2 1-0

[Event "Oceania zt 3.6"]
[Site "Auckland"]
[Date "2017.01.17"]
[Round "6"]
[White "Prasad, Rudr"]
[Black "Murdoch, Stephen"]
[Result "1-0"]
[WhiteElo "1566"]
[BlackElo "1438"]
[PlyCount "61"]
[EventDate "2017.01.14"]
[EventType "swiss"]
[EventRounds "9"]
[EventCountry "NZL"]
[SourceTitle "EXT 2018"]
[Source "ChessBase"]
[SourceDate "2017.10.13"]
[SourceVersion "1"]
[SourceVersionDate "2017.10.13"]
[SourceQuality "1"]

1. e4 c5 2. Nf3 g6 3. Nc3 Bg7 4. Bc4 Nc6 5. d3 a6 6. 0-0 e6 7. Re1 b5 8. Bb3 Na5 9. Qe2 Nxb3 10. axb3 Ne7 11. Nxb5 Qb6 12. Nc3 Nc6 13. e5 0-0 14. Bg5 Bb7 15. Bf6 Bh6 16. Qe4 Nd4 17. Qh4 Nxf3+ 18. gxf3 Bg7 19. Bxg7 Kxg7 20. Ne4 Bxe4 21. Qxe4 d5 22. exd6 Qxd6 23. Qe5+ Qxe5 24. Rxe5 Rfc8 25. Ra5 h5 26. Rexc5 Rxc5 27. Rxc5 f5 28. Ra5 Kf6 29. Kg2 f4 30. b4 Rc8 31. c4 1-0

[Event "Oceania zt 3.6"]
[Site "Auckland"]
[Date "2017.01.14"]
[Round "1"]
[White "James, Jack"]
[Black "Prasad, Rudr"]
[Result "1-0"]
[WhiteElo "2012"]
[BlackElo "1566"]
[PlyCount "41"]
[EventDate "2017.01.14"]
[EventType "swiss"]
[EventRounds "9"]
[EventCountry "NZL"]
[SourceTitle "EXT 2018"]
[Source "ChessBase"]
[SourceDate "2017.10.13"]
[SourceVersion "1"]
[SourceVersionDate "2017.10.13"]
[SourceQuality "1"]

1. e4 c5 2. Nc3 d6 3. f4 Nc6 4. Nf3 e6 5. Bb5 Bd7 6. 0-0 g6 7. d3 Bg7 8. Qe1 Nge7 9. a3 0-0 10. Bc4 a6 11. f5 exf5 12. Qh4 fxe4 13. Ng5 h5 14. Nxf7 Qc7 15. dxe4 Kh7 16. Bf4 Nc8 17. Nd5 Qb8 18. Nf6+ Bxf6 19. Qxf6 Ne5 20. Ng5+ Kh6 21. Qxf8# 1-0

[Event "Fiji op 2nd"]
[Site "Suva"]
[Date "2016.08.14"]
[Round "1"]
[White "Prasad, Rudr"]
[Black "James, Jack"]
[Result "0-1"]
[WhiteElo "1597"]
[BlackElo "1996"]
[PlyCount "124"]
[EventDate "2016.08.14"]
[EventType "swiss"]
[EventRounds "7"]
[EventCountry "FIJ"]
[SourceTitle "CBM 174 Extra"]
[Source "ChessBase"]
[SourceDate "2016.10.10"]
[SourceVersion "1"]
[SourceVersionDate "2016.10.10"]
[SourceQuality "1"]

1. d4 d6 2. c4 Nd7 3. Nc3 e5 4. d5 g6 5. e4 Bg7 6. Nf3 Ne7 7. Bd3 0-0 8. Be3 f5 9. exf5 gxf5 10. Ng5 Nf6 11. f3 h6 12. Ne6 Bxe6 13. dxe6 c6 14. 0-0 Qc8 15. Bc2 Qxe6 16. Bb3 Kh8 17. Re1 Qd7 18. Qd3 Qc7 19. Rad1 Rad8 20. Na4 b6 21. Nc3 d5 22. cxd5 Nfxd5 23. Nxd5 Nxd5 24. Rc1 e4 25. fxe4 Nxe3 26. Qe2 Bd4 27. Kh1 Ng4 28. g3 Nf2+ 29. Kg2 fxe4 30. Rc2 Nd3 31. Rf1 Ne5 32. Qh5 Rxf1 33. Qxh6+ Qh7 34. Qxh7+ Kxh7 35. Kxf1 Rf8+ 36. Kg2 e3 37. Bc4 Rf2+ 38. Rxf2 exf2 39. h4 Nd7 40. b3 Ne5 41. Bf1 b5 42. Kh3 Nf3 43. g4 Nd2 44. Bd3+ Kg7 45. h5 Kh6 46. Kh4 Bf6+ 47. Kg3 f1Q 48. Bxf1 Nxf1+ 49. Kf3 Kg5 50. Ke4 Kxg4 51. h6 Kg5 52. h7 Kg6 53. Kf4 Nd2 54. Ke3 Nb1 55. Kd3 Na3 56. Ke4 Kxh7 57. Kf5 c5 58. Ke4 c4 59. bxc4 bxc4 60. Ke3 c3 61. Ke2 c2 62. Kd2 Bb2 0-1